000 00883nam a2200289 i 4500
001 000048106
003 DO-SdBNP
005 20230925150019.0
007 ta
008 181115s2016 dr 000 p spa d
020 _a9789945167207
040 _aDO-SdBNP
_bspa
_cBNPHU
_erda
082 4 _aRD861.5
_bB142m
_222
100 1 _aBáez, Elsa
_964872
_eautora
245 1 0 _aMi infierno /
_cElsa Báez.
264 _aSanto Domingo :
_bPoetas de la Era,
_c2016.
300 _a79 páginas ;
_c23 cm.
336 _2rdacontent
_atexto
_btexto
337 _2rdamedia
_asin mediación
_bn
338 _2rdacarrier
_avolumen
_bnc
500 _aIncluye datos biográficos de la autora en la solapa de la cubierta
590 _aInventariado, 2018/LP
650 4 _aPoesía dominicana
650 4 _aLiteratura dominicana
910 _aValidado. Control de calidad MFF
942 _2ddc
_cLBS1
999 _c47594
_d47594